| 000 | 00325nam a22001337a 4500 | ||
|---|---|---|---|
| 082 |
_a894.812.3 _bRAJ/Y |
||
| 100 | _aRAJITHKUMAR | ||
| 245 | _aYUGAPIRAVIKKU MUNPIL | ||
| 246 |
_aYUGAPIRAVIKKU MUNPIL _bYUGAPIRAVIKKU MUNPIL |
||
| 260 |
_aTHRISSUR _bGREEN BOOKS _c2024 |
||
| 300 | _a336 | ||
| 650 | _aMALAYALAM NOVEL | ||
| 942 | _cBK | ||
| 999 |
_c9024 _d9024 |
||